Catalog

Record Details

Catalog Search



Bugs in the kitchen : get 'em if you can (WT. 750.5g) Cover Image Equipment, games, toys Equipment, games, toys

Bugs in the kitchen : get 'em if you can (WT. 750.5g)

Joopen, Peter-Paul, (creator.). Jantner, Janos, (illustrator.). Jasionowski, Maximilian, (illustrator.). Kinetic, (game designer.). DE Ravensburger, (game designer.). Becker Studios, (photographer.). Innovation First Labs, Inc., (manufacturer).

Summary:

The object of the game is to be the first to collect five bug tokens by moving utensils on the game board and guiding the moving bug into a trap.

Record details

  • Physical Description: 1 game (1 special edition Hexbug® nano® (includes a button cell battery), 1 3D game board with 18 movable utensils, 20 bug tokens, 1 die, 2 doors, instructions) : plastic, cardboard, metal, color ; in container 28 x 37 x 6 cm
  • Publisher: Ravensburg, Germany : Ravensburger Spieleverlag ; [2018]

Content descriptions

General Note:
"Warning. Small parts. Choking hazard."--From container.
Hexbug® nano®, an original product of the company Innovation First Labs, Inc.
Duration: 15-20 minutes.
2-4 players.
WT. 771.8 g
Target Audience Note:
Ages 6+.
Source of Description Note:
Title from container.
Subject: Insects.
Insect trapping.
Kitchens.
Cuisines.
Genre: Realia
Board games.

Available copies

  • 1 of 1 copy available at scottsboropl.

Holds

  • 0 current holds with 1 total copy.
Show Only Available Copies
Location Call Number / Copy Notes Barcode Shelving Location Status Due Date
scottsboropl J REA Bug 32269001209439 Juvenile - Games Available -

LDR 02771crm a2200697 i 4500
001160454
003SBPL
00520230404200118.0
008220304t20182018gw nnn j gneng d
007zu
007zz
0248 . ‡a4005556211005
02853. ‡a21 100 5 ‡bRavensburger Spieleverlag
035 . ‡a(OCoLC)1301927298
092 . ‡a793.4
24500. ‡aBugs in the kitchen : ‡bget 'em if you can (WT. 750.5g)
264 1. ‡aRavensburg, Germany : ‡bRavensburger Spieleverlag ; ‡aNewton, NH : ‡bRavensburger USA, ‡c[2018]
300 . ‡a1 game (1 special edition Hexbug® nano® (includes a button cell battery), 1 3D game board with 18 movable utensils, 20 bug tokens, 1 die, 2 doors, instructions) : ‡bplastic, cardboard, metal, color ; ‡cin container 28 x 37 x 6 cm
336 . ‡athree-dimensional form ‡btdf ‡2rdacontent
336 . ‡atext ‡btxt ‡2rdacontent
337 . ‡aunmediated ‡bn ‡2rdamedia
337 . ‡aother ‡bx ‡2rdamedia
338 . ‡aobject ‡bnr ‡2rdacarrier
338 . ‡aunspecified ‡bzu ‡2rdacarrier
340 . ‡aplastic ‡2rdamat
340 . ‡apaper ‡2rdamat
340 . ‡acardboard ‡2rdamat
340 . ‡ametal ‡2rdamat
340 . ‡gcolor
500 . ‡a"Warning. Small parts. Choking hazard."--From container.
500 . ‡aHexbug® nano®, an original product of the company Innovation First Labs, Inc.
520 . ‡aThe object of the game is to be the first to collect five bug tokens by moving utensils on the game board and guiding the moving bug into a trap.
500 . ‡aDuration: 15-20 minutes.
500 . ‡a2-4 players.
500 0. ‡aWT. 771.8 g
5211 . ‡aAges 6+.
588 . ‡aTitle from container.
650 0. ‡aInsects.
650 0. ‡aInsect trapping.
650 0. ‡aKitchens.
650 6. ‡aCuisines.
6550 . ‡aRealia
655 7. ‡aBoard games. ‡2lcgft
7001 . ‡aJoopen, Peter-Paul, ‡ecreator.
7001 . ‡aJantner, Janos, ‡eillustrator.
7001 . ‡aJasionowski, Maximilian, ‡eillustrator.
7102 . ‡aKinetic, ‡egame designer.
7102 . ‡aDE Ravensburger, ‡egame designer.
7102 . ‡aBecker Studios, ‡ephotographer.
7102 . ‡3Hexbug® nano®: ‡aInnovation First Labs, Inc., ‡emanufacturer
901 . ‡a160454 ‡bAUTOGEN ‡c160454 ‡tbiblio

Additional Resources